Traite de botanique (Запис номер 390853)
[ съкратено ]
| 000 -Лидер | |
|---|---|
| Контролно поле с фиксирана дължина | nam a22 a 4500 |
| 003 - Код на организацията, давaща контролен номер | |
| Контролно поле | BLK |
| 005 - Дата и час на последна редакция | |
| Контролно поле | 20201029150242.0 |
| 008 - Елементи от данни с фиксирана дължина | |
| fixed length control field | 180408b bul|||||r ||||||| ||bul|| |
| 010 ## - Наследен системен номер | |
| LC control number | KNG00065171000 |
| 040 ## - Източник на каталожния запис | |
| Идентификатор на билиотеката - собственик на записа | BLK |
| 041 ## - Код за език | |
| Код за езика на текст/звукозапис или на отделно заглавие | Френски |
| Код за езика КДБФ | Френски |
| 080 ## - УДК | |
| Текстов определител УДК | Обща ботаника |
| УДК код - определител по УДК | 581 |
| УДК - код + определител | 581 |
| 100 ## - Редна дума - Автор | |
| R(LIN) | 1299 |
| Автор | Tieghem, Philippe van |
| Авторска отговорност | първи автор |
| 139 ## - Редно поле | |
| Редна дума | Tieghem, Philippe van |
| 245 10 - Сведения за заглавието | |
| Заглавие | Traite de botanique |
| Редно поле (дума) | Philippe van Tieghem. |
| Подзаглавни данни | Avec 1213 gravures dans le texte |
| 250 ## - Област на изданието | |
| Сведения за изданието | 2. Ed. rev. et augm. |
| 257 ## - Страна на издаване | |
| Страна на създаване/издаване | Франция |
| 260 ## - Област на издателските данни | |
| Място на издаване, разпространение и проч. | Paris |
| Име на издателя, разпространителя и проч. | F. Savy |
| Година на издаване | 1891 |
| 9 (RLIN) | 218896 |
| 300 ## - Физическа характеристика | |
| Страници | XXXI, 1031 c. |
| Илюстрации и др. | с ил. |
| Размери/Мащаб | 24 см |
| 380 ## - Жанр | |
| Жанр | Естествени науки. Математика |
| 490 ## - СЕРИИ (Колекции) | |
| 9 (RLIN) | 435080 |
| Име на серия | Колекция Редки и ценни издания |
| 650 #7 - Допълнително описание по предмет – тема | |
| 9 (RLIN) | 149099 |
| Основно описание – тема или топоним | Ботаника |
| 653 #7 - Ключова дума – ненормативна | |
| 9 (RLIN) | 182340 |
| Ключова дума | ботаника |
| 852 ## - Местоположение | |
| Форматна сигнатура | Рф 891 |
| Фондова буква | Редки и ценни |
| 856 4# - Електронен адрес и достъп | |
| Електронен формат | pdf - файл |
| 856 4# - Електронен адрес и достъп | |
| Електронен формат | pdf - файл |
| 999 ## - СИСТЕМНИ КОНТРОЛНИ НОМЕРА | |
| Koha biblionumber | 390853 |
| Koha biblioitemnumber | 390853 |
| 942 ## - АРТИКУЛИ | |
| Вид на библиотечния материал | Книги |
| Скрит в OPAC | Не |
| Периодичен библиозапис | Да |
| 944 ## - СЪЗДАВАНЕ И РЕДАКЦИЯ на ЗАПИСА | |
| Създаване/Редакция | Създаване |
| Дата на регистрацията/редакция | 2020-10-29 |
| Служител, извършил регистрацията/редакцията | ТД |
| 944 ## - СЪЗДАВАНЕ И РЕДАКЦИЯ на ЗАПИСА | |
| Създаване/Редакция | Редакция |
| Дата на регистрацията/редакция | 20.03.2018 |
| Служител, извършил регистрацията/редакцията | Правда_Бадева |
| 999 ## - СИСТЕМНИ КОНТРОЛНИ НОМЕРА | |
| Koha biblioitemnumber | 390853 |
| 999 ## - СИСТЕМНИ КОНТРОЛНИ НОМЕРА | |
| Koha biblioitemnumber | 60982 |
| Код за отписване | Код за изгубен артикул | Източник на класификационната схема | Код за повреда | Коз за рестрикции | Код за отдаване | Артикулен № | Име на библиотеката - собственик | Име на библиотеката, в която се намира в момента | Статус (Текущо местоположение) | Дата на вписване в системата | Местоположение - отдел | Цена в лева | Инвентарен номер | Систематично азбучна сигнатура | Баркод | Цена в евро | Служебен тип на артикула |
|---|---|---|---|---|---|---|---|---|---|---|---|---|---|---|---|---|---|
| Не е изгубен | Universal Decimal Classification | Не е повреден | само за читалня | Специални фондове ( старопечатни, редки и ценни, фонд М. Арнаудов) | 804495 | Регионална библиотека "Любен Каравелов" Русе | Регионална библиотека "Любен Каравелов" Русе | Редки и ценни | 2020-11-03 | Редки и ценни | 2.06 | 15077-I | Рф 891 | 900000037879 | 1.05 | Книги |